000 01297cam a2200277 a 4500
001 000006519
005 20200929153938.0
008 901121s1989 ck b 001 0 spa d
020 _a9586430006 (obra completa)
020 _a9586430650 (tapa dura)
020 _a9586430669 (rústica)
040 _aDO-SdBNP
_bspa
_cLC
_dBNPHU
082 _a349.86109
_bC749p, 1989
245 0 0 _aCongreso de las provincias unidas 1811-1815 /
_cprólogo Gonzalo Hernández de Alba.
250 _a2a ed.
260 _aBogotá, Colombia :
_bFundación para la Conmemoración del Bicentenario del Natalicio y el Sesquicentenario de la Muerte del General Francisco de Paula Santander,
_c1989.
300 _a2 v. ;
_c24 cm.
490 1 _aDocumentos ;
_v26, 27
_aBiblioteca de la Presidencia de la República
504 _aIncluye referencias bibliográficas e índice.
651 4 _aColombia
_xDerecho Constitucional
_918091
651 4 _aColombia
_xHistoria
_y1810-1822
_xFuentes
_918092
710 1 _aFundación para la Conmemoración del Bicentenario del Natalicio y el Sesquicentenario de la Muerte del General Francisco de Paula Santander.
_918093
830 0 _aDocumentos ;
_v26, 27
_pBiblioteca de la Presidencia de la República
_918094
910 _aCatalogación por copia / LC
999 _a1
_n0000071
_c6310
_d6310
049 _aBNGR